Discursos leídos ante la Real Academia Española, (Record no. 172237)

MARC details
000 -LEADER
campo de control de longitud fija 01023nam a2200217 i 4500
001 - NÚMERO DE CONTROL
campo de control 172237
003 - IDENTIFICADOR DE NÚMERO DE CONTROL
campo de control ES-MaACL
005 - FECHA Y HORA DE LA ÚLTIMA TRANSACCIÓN
campo de control 20240124143235.0
008 - DATOS DE LONGITUD FIJA--INFORMACIÓN GENERAL
campo de control de longitud fija 090619s1928 sp f |||| | spa d
080 ## - NÚMERO DE LA CLASIFICACIÓN DECIMAL UNIVERSAL
Número de la Clasificación Decimal Universal 821.134.2
080 ## - NÚMERO DE LA CLASIFICACIÓN DECIMAL UNIVERSAL
Número de la Clasificación Decimal Universal 811.134.2
110 2# - ENTRADA PRINCIPAL--NOMBRE DE ENTIDAD CORPORATIVA
Nombre de entidad corporativa o nombre de jurisdicción como elemento de entrada Real Academia Española
9 (RLIN) 6336
245 10 - MENCIÓN DEL TÍTULO
Título Discursos leídos ante la Real Academia Española,
Fechas extremas/inclusivas 1928 /
Mención de responsabilidad, etc. Real Academia Española.
260 ## - PUBLICACIÓN, DISTRIBUCIÓN, ETC.
Lugar de publicación, distribución, etc. Madrid :
Nombre del editor, distribuidor, etc. [s.n.],
Fecha de publicación, distribución, etc. 1928 (
Fabricante Tip. de la Revista de Archivos, Bibliotecas, Archivos y Museos)
300 ## - DESCRIPCIÓN FÍSICA
Extensión 1 v. ;
Dimensiones 25 cm.
505 8# - NOTA DE CONTENIDO CON FORMATO
Nota de contenido con formato Contiene: Discurso acerca de las obras publicadas por la Real Academia Española / Emilio Cotarelo y Mori (91 p., [128] p. de lám. con fotograbados)... con ocasión de celebrar la "Fiesta del Libro" e inaugurar una exposición de las referidas obras
610 24 - PUNTO DE ACCESO ADICIONAL DE MATERIA--NOMBRE DE ENTIDAD CORPORATIVA
Nombre de entidad corporativa o nombre de jurisdicción como elemento de entrada Real Academia Española-
Subdivisión general Publicaciones-
Subdivisión de forma Catálogos.
9 (RLIN) 163475
700 1# - ENTRADA AGREGADA--NOMBRE PERSONAL
Nombre de persona Cotarelo y Mori, Emilio,
Fechas asociadas al nombre 1857-1936
9 (RLIN) 41168
852 ## - LOCALIZACIÓN
Ubicación ES-MaACL
Número de control de estantería K-156
Encuadernación Olim:: F-M-III-H
Holdings
Estatus retirado Estado de pérdida Estado de daño No para préstamo Biblioteca de origen Biblioteca actual Ubicación en estantería Fecha de adquisición Total de préstamos Signatura topográfica completa Código de barras Visto por última vez Precio de reemplazo Tipo de ítem Koha
        Biblioteca del Ateneo de Madrid Biblioteca del Ateneo de Madrid Administración 19/06/2009   K-156 1180750 23/02/2023 23/02/2023 Libro impreso